000 00501nam a2200169Ia 4500
005 20250508161531.0
008 008 250505s9999 xx 000 0 hin d
037 _aTextual
040 _aFEDL
_beng
_cFEDL
041 _ahin
_2hin
084 _a307, NCE
_qFEDL
245 0 _aHamari Delhi : Teesari kaksha ke liya
260 _aNew Delhi, India
_bNational Council of Educational Research and Training
_c1967
300 _a212p.
942 _cTEXL
_h307, NCE
999 _c1370589
_d1370589